[Event "EU-ch Online U2300 Qual"]
[Site "Chess.com INT"]
[Date "2020.05.25"]
[Round "5"]
[White "Frenkel, Ran"]
[Black "Ivchenko, Alexander"]
[Result "1-0"]
[WhiteElo "2245"]
[BlackElo "1891"]
[PlyCount "57"]
[EventDate "2020.05.25"]
[EventType "swiss"]
[EventRounds "8"]
[EventCountry "NET"]
[SourceTitle "EXT 2021"]
[Source "ChessBase"]
[SourceDate "2020.10.23"]
[SourceVersion "1"]
[SourceVersionDate "2020.10.23"]
[SourceQuality "1"]

1. d4 d5 2. c4 c6 3. Nc3 e6 4. e4 dxe4 5. Nxe4 Bb4+ 6. Nc3 Nf6 7. Nf3 0-0 8. Bd3 b6 9. 0-0 Bb7 10. Qe2 Nbd7 11. Bg5 h6 12. Bh4 Be7 13. Rfe1 Rc8 14. Rad1 Qc7 15. Ne5 Nxe5 16. dxe5 Ne8 17. Qe4 g6 18. Qg4 Ng7 19. Ne4 Bxh4 20. Qxh4 Nf5 21. Nf6+ Kg7 22. Bxf5 exf5 23. Rd7 Qb8 24. e6 c5 25. e7 Rh8 26. Rxb7 Qxb7 27. e8Q Rcxe8 28. Nxe8+ Kh7 29. Qf6 1-0

[Event "EU-ch Online U2300 Qual"]
[Site "Chess.com INT"]
[Date "2020.05.25"]
[Round "1"]
[White "Memeti, Kastriot"]
[Black "Ivchenko, Alexander"]
[Result "0-1"]
[WhiteElo "2129"]
[BlackElo "1891"]
[PlyCount "76"]
[EventDate "2020.05.25"]
[EventType "swiss"]
[EventRounds "8"]
[EventCountry "NET"]
[SourceTitle "EXT 2021"]
[Source "ChessBase"]
[SourceDate "2020.10.23"]
[SourceVersion "1"]
[SourceVersionDate "2020.10.23"]
[SourceQuality "1"]

1. d4 d5 2. Bf4 Nf6 3. e3 e6 4. Nd2 Bd6 5. Bg3 0-0 6. Bd3 b6 7. e4 dxe4 8. Nxe4 Bb7 9. Qe2 Nxe4 10. Bxe4 Bxe4 11. Qxe4 Nd7 12. Nf3 Nf6 13. Qe2 Bxg3 14. hxg3 Qd5 15. c3 Rad8 16. 0-0 c5 17. Rfd1 cxd4 18. Rxd4 Qb7 19. Rad1 Rd5 20. c4 Rxd4 21. Rxd4 Qc7 22. Qe5 Qc6 23. b3 h6 24. g4 Rc8 25. g5 hxg5 26. Nxg5 Kf8 27. f3 Qc5 28. Qd6+ Qxd6 29. Rxd6 Ke7 30. Rd2 Rc5 31. Nh3 a5 32. Nf2 Rc7 33. Nd1 a4 34. Nc3 axb3 35. axb3 Nd7 36. Nb5 Rc6 37. Kf2 Nc5 38. Rb2 Nd3+ 0-1

[Event "EU-ch Online U2300 Qual"]
[Site "Chess.com INT"]
[Date "2020.05.25"]
[Round "2"]
[White "Papadiamandis, Elliot"]
[Black "Ivchenko, Alexander"]
[Result "1-0"]
[WhiteElo "2269"]
[BlackElo "1891"]
[PlyCount "77"]
[EventDate "2020.05.25"]
[EventType "swiss"]
[EventRounds "8"]
[EventCountry "NET"]
[SourceTitle "EXT 2021"]
[Source "ChessBase"]
[SourceDate "2020.10.23"]
[SourceVersion "1"]
[SourceVersionDate "2020.10.23"]
[SourceQuality "1"]

1. e4 c6 2. d4 d5 3. Nc3 dxe4 4. Nxe4 Nd7 5. Bd3 Ngf6 6. Ng5 e6 7. N1f3 Bd6 8. Qe2 h6 9. Ne4 Nxe4 10. Qxe4 Nf6 11. Qh4 Ke7 12. Ne5 Bxe5 13. dxe5 Qa5+ 14. c3 Qxe5+ 15. Be3 Qd5 16. 0-0-0 b6 17. Kb1 Bb7 18. Bc2 Qb5 19. Bd4 Qg5 20. Bxf6+ gxf6 21. Qb4+ c5 22. Qa4 Rhd8 23. Rxd8 Rxd8 24. Qxa7 Qxg2 25. Re1 Rd7 26. Qxb6 Qxf2 27. Rc1 f5 28. a4 Be4 29. Bxe4 fxe4 30. a5 Qf5 31. a6 e3+ 32. Ka1 e2 33. a7 Rd1 34. a8Q Rxc1+ 35. Ka2 Qd5+ 36. Qxd5 exd5 37. Qxc5+ Kd7 38. Qb5+ Kd6 39. Qxe2 1-0

[Event "Dvorkovich Memorial op"]
[Site "Taganrog"]
[Date "2018.01.22"]
[Round "8"]
[White "Yarikov, Artem"]
[Black "Ivchenko, Alexander"]
[Result "1/2-1/2"]
[WhiteElo "1634"]
[BlackElo "1742"]
[PlyCount "97"]
[EventDate "2018.01.15"]
[EventType "swiss"]
[EventRounds "9"]
[EventCountry "RUS"]
[SourceTitle "CBM 182 Extra"]
[Source "ChessBase"]
[SourceDate "2018.02.23"]
[SourceVersion "1"]
[SourceVersionDate "2018.02.23"]
[SourceQuality "1"]

1. e4 e6 2. d4 d5 3. exd5 exd5 4. c4 Nf6 5. Nf3 c6 6. Nc3 Bb4 7. Bd3 Bg4 8. Be3 0-0 9. 0-0 Bxc3 10. bxc3 Ne4 11. Qc2 Bxf3 12. gxf3 Ng5 13. f4 Nf3+ 14. Kg2 Nh4+ 15. Kg1 Nf3+ 16. Kg2 Nh4+ 17. Kg1 f5 18. f3 Qf6 19. Qf2 Re8 20. Bd2 a6 21. a4 Nd7 22. a5 Rac8 23. c5 Ng6 24. Rab1 Rc7 25. Rfe1 Rxe1+ 26. Rxe1 Ndf8 27. Qe2 Re7 28. Qd1 Rxe1+ 29. Qxe1 Ne6 30. Kf1 Qf7 31. Qg3 h5 32. Qh3 Ngxf4 33. Bxf4 Nxf4 34. Qxf5 Nxd3 35. Qxd3 g5 36. Kg2 Kg7 37. Qe3 Kg6 38. h3 Qd7 39. Qd3+ Kf6 40. Qe3 Qf5 41. Qe8 Qc2+ 42. Kg1 Qc1+ 43. Kg2 Qd2+ 44. Kg1 Qc1+ 45. Kg2 Qc2+ 46. Kg1 Qxc3 47. Qf8+ Kg6 48. Qg8+ Kh6 49. Qh8+ 1/2-1/2

[Event "Dvorkovich Memorial op"]
[Site "Taganrog"]
[Date "2018.01.15"]
[Round "1"]
[White "Ivchenko, Alexander"]
[Black "Balashov, Yuri S"]
[Result "0-1"]
[WhiteElo "1742"]
[BlackElo "2434"]
[PlyCount "58"]
[EventDate "2018.01.15"]
[EventType "swiss"]
[EventRounds "9"]
[EventCountry "RUS"]
[SourceTitle "CBM 182 Extra"]
[Source "ChessBase"]
[SourceDate "2018.02.23"]
[SourceVersion "1"]
[SourceVersionDate "2018.02.23"]
[SourceQuality "1"]

1. e4 d6 2. d4 g6 3. Nf3 Bg7 4. c3 Nf6 5. Bd3 0-0 6. h3 Nbd7 7. 0-0 e5 8. dxe5 dxe5 9. Be3 Qe7 10. Qe2 Nc5 11. Nbd2 Nxd3 12. Qxd3 b6 13. Rfe1 Bb7 14. Bg5 h6 15. Bxf6 Qxf6 16. Rad1 Rad8 17. Qc2 Qf4 18. g3 Qf6 19. Kg2 Qc6 20. Qb3 Kh7 21. Qc4 f5 22. Qxc6 Bxc6 23. Rc1 Rd3 24. Re3 fxe4 25. Rxd3 exd3 26. Re1 h5 27. g4 Bh6 28. Re4 Rxf3 29. Rc4 Rf6+ 0-1

[Event "Dvorkovich Memorial rapid op"]
[Site "Taganrog"]
[Date "2018.01.13"]
[Round "3"]
[White "Nazaretyan, Tigran"]
[Black "Ivchenko, Alexander"]
[Result "1-0"]
[WhiteElo "2285"]
[BlackElo "1742"]
[PlyCount "86"]
[EventDate "2018.01.13"]
[EventType "swiss (rapid)"]
[EventRounds "11"]
[EventCountry "RUS"]
[SourceTitle "CBM 182 Extra"]
[Source "ChessBase"]
[SourceDate "2018.02.23"]
[SourceVersion "1"]
[SourceVersionDate "2018.02.23"]
[SourceQuality "1"]

1. d4 d5 2. c4 e6 3. Nf3 f5 4. g3 Nf6 5. Bg2 c6 6. 0-0 Be7 7. b3 0-0 8. Bb2 Ne4 9. Ne5 Nd7 10. Nd3 Ndf6 11. Nd2 Bd7 12. Nf3 Be8 13. Nfe5 Bh5 14. Nf4 Bf7 15. Rc1 g5 16. Nh3 h6 17. f3 Nd6 18. Qd2 Rc8 19. Nf2 Nd7 20. Nfd3 Nxe5 21. dxe5 Ne8 22. cxd5 cxd5 23. Rxc8 Qxc8 24. Rc1 Qd7 25. Qa5 b6 26. Qc3 Ng7 27. Qc7 Rd8 28. Kf1 Ne8 29. Qc6 Qxc6 30. Rxc6 Rd7 31. Rc8 Rc7 32. Ra8 Kh7 33. Ke1 Ng7 34. Kd2 Be8 35. Bc3 Bc6 36. Rb8 Ne8 37. Bb4 Kg6 38. Bxe7 Rxe7 39. Nb4 Bb7 40. e3 a5 41. Nc2 Kf7 42. Nd4 Rc7 43. Bf1 Ng7 1-0